[Event "FRA-ch op-B"]
[Site "Aix les Bains"]
[Date "2007.08.19"]
[Round "6"]
[White "Fageot, Julien"]
[Black "Di Nicolantonio, Lucas"]
[Result "1-0"]
[WhiteElo "1985"]
[BlackElo "1848"]
[PlyCount "85"]
[EventDate "2007.08.13"]
[EventType "swiss"]
[EventRounds "11"]
[EventCountry "FRA"]
[SourceTitle "CBM 120 Extra"]
[Source "ChessBase"]
[SourceDate "2007.11.01"]
[SourceVersion "1"]
[SourceVersionDate "2007.11.01"]
[SourceQuality "1"]

1. d4 Nf6 2. c4 e6 3. Nf3 b6 4. g3 Bb7 5. Bg2 Bb4+ 6. Bd2 c5 7. Bxb4 cxb4 8. 0-0 0-0 9. Nbd2 d5 10. Ne5 Qe7 11. e3 Nbd7 12. Nd3 Rfe8 13. cxd5 Nxd5 14. Qb3 N7f6 15. Nxb4 Qxb4 16. Qxb4 Nxb4 17. Bxb7 Rab8 18. Bf3 Rbc8 19. Bd1 Rc7 20. a3 Nd3 21. Rb1 Rec8 22. Nb3 Nc1 23. Rxc1 Rxc1 24. Nxc1 Rxc1 25. Bb3 Rc7 26. Rd1 Kf8 27. f3 g5 28. h3 h5 29. Kf2 g4 30. hxg4 hxg4 31. fxg4 Nxg4+ 32. Kf3 Nf6 33. g4 Ke7 34. g5 Nd7 35. Ke2 e5 36. Rf1 f6 37. gxf6+ Nxf6 38. dxe5 Nd7 39. Rf7+ Kd8 40. e6 Nc5 41. Bd5 Na4 42. Rxc7 Kxc7 43. e7 1-0

[Event "FRA-chT4 0203"]
[Site "Champagne Ardenne"]
[Date "2003.01.19"]
[Round "4"]
[White "Fageot, Julien"]
[Black "Picard, Serge"]
[Result "1/2-1/2"]
[WhiteElo "1920"]
[BlackElo "2030"]
[PlyCount "90"]
[EventDate "2002.10.02"]
[EventType "team-tourn"]
[EventRounds "7"]
[EventCountry "FRA"]
[SourceTitle "EXT 2005"]
[Source "ChessBase"]
[SourceDate "2004.11.15"]
[SourceVersion "1"]
[SourceVersionDate "2004.11.15"]
[SourceQuality "1"]

1. d4 Nf6 2. c4 e6 3. Nc3 Bb4 4. Qc2 c5 5. a3 cxd4 6. axb4 dxc3 7. bxc3 b6 8. e4 d6 9. Bf4 Qc7 10. Rd1 e5 11. Bg5 Be6 12. Qd3 h6 13. Bxf6 gxf6 14. Qxd6 Qxd6 15. Rxd6 Ke7 16. Rd2 Rc8 17. f3 Nd7 18. Bd3 Bxc4 19. Bxc4 Rxc4 20. Ne2 a5 21. bxa5 bxa5 22. Ra2 Nb6 23. Kd2 Rc5 24. Rb1 Nc4+ 25. Ke1 Nd6 26. Kf2 f5 27. exf5 Nxf5 28. Rb7+ Ke6 29. Rb6+ Nd6 30. Ng3 Rb5 31. Rxb5 Nxb5 32. c4 Nd4 33. Ne4 Ra7 34. Nc5+ Kd6 35. Rxa5 Rxa5 36. Nb7+ Kc6 37. Nxa5+ Kb6 38. Ke3 Kxa5 39. f4 Nc6 40. fxe5 Kb4 41. Ke4 Kxc4 42. g4 Ne7 43. e6 f6 44. h4 Kc5 45. g5 fxg5 1/2-1/2

[Event "FRA-chT4 0001"]
[Site "Champagne Ardenne"]
[Date "2001.04.01"]
[Round "7"]
[White "Fageot, Julien"]
[Black "Hacene, Ahmed"]
[Result "0-1"]
[WhiteElo "1660"]
[BlackElo "1930"]
[PlyCount "58"]
[EventDate "2001.10.??"]
[EventType "team-tourn"]
[EventRounds "7"]
[EventCountry "FRA"]
[SourceTitle "EXT 2005"]
[Source "ChessBase"]
[SourceDate "2004.11.15"]
[SourceVersion "1"]
[SourceVersionDate "2004.11.15"]
[SourceQuality "1"]

1. d4 e6 2. c4 d5 3. Nf3 Nf6 4. Bg5 Be7 5. Nc3 c5 6. dxc5 Nc6 7. cxd5 exd5 8. e3 Be6 9. Bb5 0-0 10. Nd4 Rc8 11. Bxc6 bxc6 12. b4 Qd7 13. Qa4 h6 14. Bxf6 Bxf6 15. Nce2 Bf5 16. 0-0 Rfe8 17. Rfd1 Bg4 18. f3 Bf5 19. Nxf5 Qxf5 20. Ng3 Qd7 21. Rac1 Rxe3 22. Kf2 d4 23. Ne4 Be5 24. Rc4 Re8 25. Qc2 Qe7 26. Rd2 Qh4+ 27. g3 Qxh2+ 28. Kf1 Qh1+ 29. Kf2 Qxf3+ 0-1

[Event "FRA-chT4 0001"]
[Site "Champagne Ardenne"]
[Date "2000.11.19"]
[Round "2"]
[White "Fageot, Julien"]
[Black "Louis, Andre"]
[Result "0-1"]
[WhiteElo "1560"]
[BlackElo "1910"]
[PlyCount "76"]
[EventDate "2001.10.??"]
[EventType "team-tourn"]
[EventRounds "7"]
[EventCountry "FRA"]
[SourceTitle "EXT 2005"]
[Source "ChessBase"]
[SourceDate "2004.11.15"]
[SourceVersion "1"]
[SourceVersionDate "2004.11.15"]
[SourceQuality "1"]

1. d4 d5 2. c4 c6 3. Nc3 e5 4. cxd5 cxd5 5. dxe5 d4 6. Ne4 Qa5+ 7. Nd2 Nc6 8. Ngf3 Bf5 9. Qb3 Be6 10. Qxb7 Rc8 11. e3 dxe3 12. fxe3 Bc5 13. Bb5 Nge7 14. Nd4 Bxd4 15. exd4 0-0 16. Qa6 Qxa6 17. Bxa6 Nxd4 18. Bxc8 Rxc8 19. 0-0 Nc2 20. Rb1 Bxa2 21. Ne4 Bxb1 22. Bg5 Ng6 23. Rxb1 Nxe5 24. Nd6 Rc6 25. Bf4 f6 26. Bxe5 fxe5 27. Nf5 Ra6 28. Kf2 Rf6 29. g4 g6 30. Rc1 gxf5 31. Rxc2 fxg4+ 32. Kg3 h5 33. Kh4 Rf5 34. Rc8+ Kg7 35. Rc7+ Kg6 36. Rc6+ Rf6 37. Rc2 Rf3 38. Rc6+ Kf5 0-1